000 00337nam a22001337a 4500
020 _a978-81-7700-145-7
082 _a330
_bBAH/I
100 _aRADHA BAHUGUNA
245 _aINTRODUCTORY MICRO ECONOMICS
_bCLASS XII
260 _aDELHI
_bDHANPAT RAI & CO
_c2018
300 _a380
650 _aMICRO ECONOMICS FOR CLASS XII
_zINDIA
942 _cBK
999 _c605
_d605